000 02001cam a22005054i 4500
003 PE-LiUPU
005 20250731172947.0
008 150623s r 000 0 d
020 _a0801090180
035 _a(Sirsi) i9780801090189
040 _aPE-LiUPU
_bspa
_cPE-LiUPU
_erda
049 _aPRUA
082 0 4 _a259.23
_bH15
_221
100 1 _aHahn, Todd,
_eautor.
245 1 0 _aReckless hope :
_bunderstanding and reaching baby busters /
_cTodd Hahn y Verhaagen David; prólogo de Leighton Ford.
264 1 _aMichigan :
_bBaker Books,
_c1996.
300 _a159 páginas ;
_c21.5 centímetros
336 _atext
_2rdacontent
337 _aunmediated
_2rdamedia
338 _avolume
_2rdacarrier
505 0 _aDescription: meet the generation. -understand the generation. -How Christians missed the generation. -Prescription: Bringing it all together. -Living between the already and the not yet. -Hope for the hopeless. -Implications: telling the old new story. -Operating values for the generation. -Putting it in place. -The heroic life. -The final charge.
526 _aSEG42
526 _aSEG41
526 _aSEG40
526 _aSEG39
526 _aP94
526 _aP87
526 _aP86
526 _aP85
526 _aP77
526 _aP76
526 _aP35
650 0 4 _aGeneración X
_xPsicología.
650 0 4 _aGeneración X
_xVida religiosa.
650 0 4 _aRelaciones intergeneracionales
_xCristianismo.
650 0 4 _aTrabajo de iglesia con jóvenes.
650 0 4 _aTrabajo evangelístico.
_93100
700 1 _aVerhaagen, David,
_eautor.
942 _2ddc
_cBOOK
949 _a259.23 H15
_wDEWEY
_c1
_i44781
_lCCODEBUL1
_mBUL
_r0
_sY
_tBOOK
_u2015-6-24
_xTEOLOGIA
_PP35
_0COMPRA
_o.STAFF. Colección General
994 _aC0
_bPEPRU
596 _a1
999 _a259.23 H15
_wDEWEY
_c21651
_i44781
_f2021-11-10
_g5
_lCCODEBUL1
_mBUL
_r0
_sY
_tBOOK
_u2015-6-24
_xTEOLOGIA
_PP35
_0COMPRA
_o.STAFF. Colección General
_d21651
980 _81
_gALBERTO SANCHEZ Responsable de Automatización